000 00301nam a2200121Ia 4500
005 20251222143157.0
008 251222s9999||||xx |||||||||||||| ||spa||
082 _a658.154/B84
100 _aBrown Suarez, Oswaldo W.
245 0 _aFundamentos del Presupuesto Maestro
264 _bEDDILI
942 _cLIB
999 _c12928
_d12928